000 00731nam a2200229 a 4500
001 000042668
005 20201002040319.0
008 140204s1973 sp 000 0 spa d
020 _a8430620621
040 _aDO-SdBNP
_bspa
_cBNPHU
082 _axxxxx
_bxxxxx
245 1 0 _aBenito Pérez Galdós /
_cedición Douglas M. Rogers.
260 _aMadrid, :
_bTaurus,
_c1973.
300 _avi, 485 p. ;
_c21 cm.
490 1 _aPersiles
_v62
490 1 _aEl escritor y la crítica
500 _aIncluye referencias bibliográficas y notas al pie de las páginas
504 _aBibliografías : p. 481-485
700 1 _aM. Rogers, Douglas,
_eed.
_969959
830 0 _aPersiles
_n62
_969960
830 0 _aEl escritor y la crítica
_969961
999 _c42157
_d42157